<?xml version="1.0" encoding="UTF-8"?>
<record
    xmlns:xsi="http://www.w3.org/2001/XMLSchema-instance"
    xsi:schemaLocation="http://www.loc.gov/MARC21/slim http://www.loc.gov/standards/marcxml/schema/MARC21slim.xsd"
    xmlns="http://www.loc.gov/MARC21/slim">

  <leader>01802 am a2200481 a 4500</leader>
  <controlfield tag="005">20240515084139.0</controlfield>
  <controlfield tag="008">100302s2011    ag il. f |||| 001 0 spa d</controlfield>
  <datafield tag="020" ind1=" " ind2=" ">
    <subfield code="a">9789500602693</subfield>
  </datafield>
  <datafield tag="041" ind1=" " ind2=" ">
    <subfield code="a">spa</subfield>
  </datafield>
  <datafield tag="092" ind1=" " ind2=" ">
    <subfield code="c">575.1</subfield>
    <subfield code="l">80</subfield>
    <subfield code="s">SOL</subfield>
  </datafield>
  <datafield tag="100" ind1="1" ind2=" ">
    <subfield code="a">Solari, Alberto Juan</subfield>
    <subfield code="9">18</subfield>
  </datafield>
  <datafield tag="245" ind1=" " ind2=" ">
    <subfield code="a">Gen&#xE9;tica Humana. </subfield>
    <subfield code="b">Fundamentos y aplicaciones en medicina / </subfield>
    <subfield code="c">Alberto Juan Solari</subfield>
  </datafield>
  <datafield tag="250" ind1=" " ind2=" ">
    <subfield code="a">4a ed.</subfield>
  </datafield>
  <datafield tag="260" ind1=" " ind2=" ">
    <subfield code="a">Buenos Aires: </subfield>
    <subfield code="b">Editorial M&#xE9;dica Panamericana;</subfield>
    <subfield code="c">2011.</subfield>
  </datafield>
  <datafield tag="300" ind1=" " ind2=" ">
    <subfield code="a">554 p.</subfield>
    <subfield code="b">il.</subfield>
  </datafield>
  <datafield tag="500" ind1=" " ind2=" ">
    <subfield code="a">Solari, A. J. y Roubicek, M. (2011). Gen&#xE9;tica humana. Fundamentos y aplicaciones en medicina. (4a ed.). Buenos Aires : Editorial M&#xE9;dica Panamericana.</subfield>
  </datafield>
  <datafield tag="590" ind1=" " ind2=" ">
    <subfield code="a">Donaci&#xF3;n Editorial, Mayo 2011</subfield>
  </datafield>
  <datafield tag="653" ind1=" " ind2=" ">
    <subfield code="a">Gen&#xE9;tica humana</subfield>
  </datafield>
  <datafield tag="653" ind1=" " ind2=" ">
    <subfield code="a">Gen&#xE9;tica molecular</subfield>
  </datafield>
  <datafield tag="653" ind1=" " ind2=" ">
    <subfield code="a">Material gen&#xE9;tico: ADN y cromosomas</subfield>
  </datafield>
  <datafield tag="653" ind1=" " ind2=" ">
    <subfield code="a">Genoma humano</subfield>
  </datafield>
  <datafield tag="653" ind1=" " ind2=" ">
    <subfield code="a">Mutaci&#xF3;n</subfield>
  </datafield>
  <datafield tag="653" ind1=" " ind2=" ">
    <subfield code="a">Herencia humana</subfield>
  </datafield>
  <datafield tag="653" ind1=" " ind2=" ">
    <subfield code="a">Determinaci&#xF3;n sexual y cromosomas sexuales</subfield>
  </datafield>
  <datafield tag="653" ind1=" " ind2=" ">
    <subfield code="a">Ligamiento</subfield>
  </datafield>
  <datafield tag="653" ind1=" " ind2=" ">
    <subfield code="a">Meiosis. Gen&#xE9;tica e infertilidad</subfield>
  </datafield>
  <datafield tag="653" ind1=" " ind2=" ">
    <subfield code="a">Enfermedades de herencia multifactorial, enfermedades de origen complejo y otros tipos de herencia</subfield>
  </datafield>
  <datafield tag="653" ind1=" " ind2=" ">
    <subfield code="a">Gen&#xE9;tica bioqu&#xED;mica. Errores cong&#xE9;nitos del metabolismo</subfield>
  </datafield>
  <datafield tag="653" ind1=" " ind2=" ">
    <subfield code="a">Anomal&#xED;as gen&#xE9;ticas de las proteinas estructurales</subfield>
  </datafield>
  <datafield tag="653" ind1=" " ind2=" ">
    <subfield code="a">Gen&#xE9;tica del desarrollo embrionario y ciliopat&#xED;as</subfield>
  </datafield>
  <datafield tag="653" ind1=" " ind2=" ">
    <subfield code="a">Cariotipo humano y cromosomopat&#xED;as</subfield>
  </datafield>
  <datafield tag="653" ind1=" " ind2=" ">
    <subfield code="a">Aberraciones cromos&#xF3;micas estructurales y s&#xED;ndrome del X fr&#xE1;gil</subfield>
  </datafield>
  <datafield tag="653" ind1=" " ind2=" ">
    <subfield code="a">Gen&#xE9;tica de los tumores</subfield>
  </datafield>
  <datafield tag="653" ind1=" " ind2=" ">
    <subfield code="a">Aspectos &#xE9;ticos, sociales y legales en gen&#xE9;tica humana</subfield>
  </datafield>
  <datafield tag="700" ind1="1" ind2=" ">
    <subfield code="a">Roubicek, Mart&#xED;n</subfield>
    <subfield code="9">19</subfield>
  </datafield>
  <datafield tag="930" ind1=" " ind2=" ">
    <subfield code="a">2291</subfield>
  </datafield>
  <datafield tag="930" ind1=" " ind2=" ">
    <subfield code="a">2357</subfield>
  </datafield>
  <datafield tag="930" ind1=" " ind2=" ">
    <subfield code="a">2358</subfield>
  </datafield>
  <datafield tag="930" ind1=" " ind2=" ">
    <subfield code="a">2359</subfield>
  </datafield>
  <datafield tag="930" ind1=" " ind2=" ">
    <subfield code="a">2360</subfield>
  </datafield>
  <datafield tag="930" ind1=" " ind2=" ">
    <subfield code="a">2361</subfield>
  </datafield>
  <datafield tag="942" ind1=" " ind2=" ">
    <subfield code="2">ddc</subfield>
    <subfield code="c">BK</subfield>
  </datafield>
  <datafield tag="999" ind1=" " ind2=" ">
    <subfield code="c">836</subfield>
    <subfield code="d">836</subfield>
  </datafield>
  <datafield tag="952" ind1=" " ind2=" ">
    <subfield code="0">0</subfield>
    <subfield code="1">0</subfield>
    <subfield code="2">ddc</subfield>
    <subfield code="4">0</subfield>
    <subfield code="7">0</subfield>
    <subfield code="8">REF</subfield>
    <subfield code="a">BFM</subfield>
    <subfield code="b">BFM</subfield>
    <subfield code="c">REF</subfield>
    <subfield code="d">2011-06-27</subfield>
    <subfield code="l">35</subfield>
    <subfield code="m">1</subfield>
    <subfield code="o">575.1 80 SOL</subfield>
    <subfield code="p">2291</subfield>
    <subfield code="r">2019-05-06</subfield>
    <subfield code="s">2019-05-03</subfield>
    <subfield code="t">ej. 16</subfield>
    <subfield code="w">2011-08-17</subfield>
    <subfield code="y">REF</subfield>
    <subfield code="z">LIBRO DE CONSULTA</subfield>
  </datafield>
  <datafield tag="952" ind1=" " ind2=" ">
    <subfield code="0">0</subfield>
    <subfield code="1">0</subfield>
    <subfield code="2">ddc</subfield>
    <subfield code="4">0</subfield>
    <subfield code="7">0</subfield>
    <subfield code="a">BFM</subfield>
    <subfield code="b">BFM</subfield>
    <subfield code="c">CR</subfield>
    <subfield code="d">2011-06-27</subfield>
    <subfield code="l">107</subfield>
    <subfield code="m">2</subfield>
    <subfield code="o">575.1 80 SOL</subfield>
    <subfield code="p">2357</subfield>
    <subfield code="r">2024-10-08</subfield>
    <subfield code="s">2024-10-01</subfield>
    <subfield code="t">ej. 17</subfield>
    <subfield code="w">2011-06-27</subfield>
    <subfield code="y">BK</subfield>
  </datafield>
  <datafield tag="952" ind1=" " ind2=" ">
    <subfield code="0">0</subfield>
    <subfield code="1">0</subfield>
    <subfield code="2">ddc</subfield>
    <subfield code="4">0</subfield>
    <subfield code="7">0</subfield>
    <subfield code="a">BFM</subfield>
    <subfield code="b">BFM</subfield>
    <subfield code="c">CR</subfield>
    <subfield code="d">2011-06-27</subfield>
    <subfield code="l">117</subfield>
    <subfield code="m">7</subfield>
    <subfield code="o">575.1 80 SOL</subfield>
    <subfield code="p">2358</subfield>
    <subfield code="r">2019-05-07</subfield>
    <subfield code="s">2019-05-02</subfield>
    <subfield code="t">ej. 18</subfield>
    <subfield code="w">2011-06-27</subfield>
    <subfield code="y">BK</subfield>
  </datafield>
  <datafield tag="952" ind1=" " ind2=" ">
    <subfield code="0">0</subfield>
    <subfield code="1">0</subfield>
    <subfield code="2">ddc</subfield>
    <subfield code="4">0</subfield>
    <subfield code="7">0</subfield>
    <subfield code="a">BFM</subfield>
    <subfield code="b">BFM</subfield>
    <subfield code="c">CR</subfield>
    <subfield code="d">2011-06-27</subfield>
    <subfield code="l">112</subfield>
    <subfield code="m">5</subfield>
    <subfield code="o">575.1 80 SOL</subfield>
    <subfield code="p">2359</subfield>
    <subfield code="r">2019-05-06</subfield>
    <subfield code="s">2019-05-02</subfield>
    <subfield code="t">ej. 19</subfield>
    <subfield code="w">2011-06-27</subfield>
    <subfield code="y">BK</subfield>
    <subfield code="z">Libro devuelto mojado por Sergio Ovando 19/2/2016</subfield>
  </datafield>
  <datafield tag="952" ind1=" " ind2=" ">
    <subfield code="0">0</subfield>
    <subfield code="1">0</subfield>
    <subfield code="2">ddc</subfield>
    <subfield code="4">0</subfield>
    <subfield code="7">0</subfield>
    <subfield code="a">BFM</subfield>
    <subfield code="b">BFM</subfield>
    <subfield code="c">CR</subfield>
    <subfield code="d">2011-06-27</subfield>
    <subfield code="l">142</subfield>
    <subfield code="m">4</subfield>
    <subfield code="o">575.1 80 SOL</subfield>
    <subfield code="p">2360</subfield>
    <subfield code="r">2019-11-22</subfield>
    <subfield code="s">2019-11-19</subfield>
    <subfield code="t">ej. 20</subfield>
    <subfield code="w">2011-06-27</subfield>
    <subfield code="y">BK</subfield>
  </datafield>
  <datafield tag="952" ind1=" " ind2=" ">
    <subfield code="0">0</subfield>
    <subfield code="1">0</subfield>
    <subfield code="2">ddc</subfield>
    <subfield code="4">0</subfield>
    <subfield code="7">0</subfield>
    <subfield code="a">BFM</subfield>
    <subfield code="b">BFM</subfield>
    <subfield code="c">CR</subfield>
    <subfield code="d">2011-06-27</subfield>
    <subfield code="l">118</subfield>
    <subfield code="m">1</subfield>
    <subfield code="o">575.1 80 SOL</subfield>
    <subfield code="p">2361</subfield>
    <subfield code="r">2025-10-08</subfield>
    <subfield code="s">2025-10-06</subfield>
    <subfield code="t">ej. 21</subfield>
    <subfield code="w">2011-06-27</subfield>
    <subfield code="y">BK</subfield>
  </datafield>
  <datafield tag="952" ind1=" " ind2=" ">
    <subfield code="0">0</subfield>
    <subfield code="1">0</subfield>
    <subfield code="2">ddc</subfield>
    <subfield code="4">0</subfield>
    <subfield code="7">0</subfield>
    <subfield code="a">BFM</subfield>
    <subfield code="b">BFM</subfield>
    <subfield code="c">CR</subfield>
    <subfield code="d">2012-10-10</subfield>
    <subfield code="l">95</subfield>
    <subfield code="m">8</subfield>
    <subfield code="o">575.1 80 SOL</subfield>
    <subfield code="p">2632</subfield>
    <subfield code="r">2023-12-13</subfield>
    <subfield code="s">2023-11-21</subfield>
    <subfield code="t">ej.22</subfield>
    <subfield code="w">2012-10-10</subfield>
    <subfield code="y">BK</subfield>
    <subfield code="z">COMPRA PROMED, OCTUBRE 2012</subfield>
  </datafield>
  <datafield tag="952" ind1=" " ind2=" ">
    <subfield code="0">0</subfield>
    <subfield code="1">0</subfield>
    <subfield code="2">ddc</subfield>
    <subfield code="4">0</subfield>
    <subfield code="7">0</subfield>
    <subfield code="a">BFM</subfield>
    <subfield code="b">BFM</subfield>
    <subfield code="c">CR</subfield>
    <subfield code="d">2012-10-10</subfield>
    <subfield code="l">95</subfield>
    <subfield code="m">2</subfield>
    <subfield code="o">575.1 80 SOL</subfield>
    <subfield code="p">2633</subfield>
    <subfield code="r">2019-05-06</subfield>
    <subfield code="s">2019-05-02</subfield>
    <subfield code="t">ej.23</subfield>
    <subfield code="w">2012-10-10</subfield>
    <subfield code="y">BK</subfield>
    <subfield code="z">COMPRA PROMED, OCTUBRE 2012</subfield>
  </datafield>
  <datafield tag="952" ind1=" " ind2=" ">
    <subfield code="0">0</subfield>
    <subfield code="1">0</subfield>
    <subfield code="2">ddc</subfield>
    <subfield code="4">0</subfield>
    <subfield code="7">0</subfield>
    <subfield code="a">BFM</subfield>
    <subfield code="b">BFM</subfield>
    <subfield code="c">CR</subfield>
    <subfield code="d">2012-10-10</subfield>
    <subfield code="l">101</subfield>
    <subfield code="m">3</subfield>
    <subfield code="o">575.1 80 SOL</subfield>
    <subfield code="p">2634</subfield>
    <subfield code="r">2023-12-18</subfield>
    <subfield code="s">2023-11-23</subfield>
    <subfield code="t">ej.24</subfield>
    <subfield code="w">2012-10-10</subfield>
    <subfield code="y">BK</subfield>
    <subfield code="z">COMPRA PROMED, OCTUBRE 2012</subfield>
  </datafield>
</record>
